| 000 | 00837cab a22002415a 4500 | ||
|---|---|---|---|
| 001 | L159236 | ||
| 008 | 150113e2014 xxk 000 0 eng d | ||
| 035 | _a(Sirsi) u159236 | ||
| 041 | 0 | _aeng | |
| 050 | _a333.3307 $2 18 | ||
| 100 | 1 | _aCraig, Ewan | |
| 245 | 0 | 0 |
_aGiving the past a future _h[electronic resource] |
| 260 | _c2014 | ||
| 490 |
_aRICS Building Surveying Journal _vDecember 2014 - January 2015, 26(1) |
||
| 520 | _aTalks about the optional competency of conservation and restoration. | ||
| 650 | 2 | 4 |
_aAPC _96216 |
| 650 | 2 | 4 | _aConservation and restoration |
| 651 | 4 |
_aUnited Kingdom _y |
|
| 690 |
_aAPC _96216 |
||
| 690 |
_aBuilding surveying _96225 |
||
| 856 | 4 | 0 |
_uhttps://www.rics.org/Global/Building_Surveying_Journal_December_2014_January_2015.pdf _zView the article free of charge at www.rics.org... |
| 942 | _n0 | ||
| 999 |
_c84842 _d84842 |
||